[Event "November Lviv Tradition (IM-group) (4th "]
[Site "Lviv"]
[Date "2015.11.25"]
[Round "5.3"]
[White "Kryvoruchko, Vita"]
[Black "Shkuran, Daniil"]
[Result "0-1"]
[WhiteElo "2205"]
[BlackElo "2428"]
[PlyCount "162"]
[EventDate "2015.11.23"]

1. e4 c5 2. Nf3 e6 3. d4 cxd4 4. Nxd4 a6 5. c4 Nf6 6. Nc3 Bb4 7. f3 Qc7 8. Bg5
Nc6 9. Rc1 Qe5 10. Nxc6 Bxc3+ 11. Rxc3 Qxg5 12. Nd4 O-O 13. Qd2 Qe5 14. Re3 b5
15. Be2 bxc4 16. Bxc4 a5 17. O-O Ba6 18. Bxa6 Rxa6 19. f4 Qc5 20. Rc1 Qb4 21.
Qxb4 axb4 22. a3 bxa3 23. bxa3 Ra4 24. Rd1 Rc8 25. g3 Rcc4 26. Rb3 g6 27. Nb5
Rxe4 28. Nc3 Red4 29. Rxd4 Rxd4 30. a4 Nd5 31. Nxd5 Rxd5 32. Ra3 Ra5 33. Kf2
Kf8 34. Ke3 Ke7 35. Kd4 Kd6 36. Kc4 Kc6 37. Kb4 Rd5 38. Rc3+ Kb7 39. Rc2 h5 40.
Rb2 h4 41. gxh4 Rf5 42. Kc3+ Ka6 43. Rb4 Rh5 44. Kd4 d6 45. Rc4 Ka5 46. Rc7 Rf5
47. Rd7 d5 48. Ke3 Kxa4 49. h5 gxh5 50. h4 Kb5 51. Rb7+ Kc6 52. Ra7 Rf6 53. Re7
Kd6 54. Ra7 Kc6 55. Re7 Kd6 56. Ra7 $11 e5 57. Ra6+ Ke7 58. Ra7+ Ke6 59. fxe5
Rg6 60. Ra8 Rg3+ 61. Kf2 Rg4 62. Re8+ Kf5 63. Rf8 Kxe5 64. Rh8 Rxh4 65. Rh7
Rf4+ 66. Ke3 d4+ 67. Kd3 h4 68. Rh5+ f5 69. Rh8 Rf3+ 70. Ke2 Re3+ 71. Kf2 h3
72. Rd8 Ke4 73. Re8+ Kd3 74. Rf8 Re2+ 75. Kg1 Kc2 76. Rxf5 d3 77. Rc5+ Kd1 78.
Rh5 d2 79. Kf1 Re1+ 80. Kf2 h2 81. Rxh2 Re2+ 0-1

[Event "November Lviv Tradition (IM-group) (4th "]
[Site "Lviv"]
[Date "2015.11.25"]
[Round "5.4"]
[White "Anwesh, Upadhyaya"]
[Black "Terletsky, Oleg"]
[Result "1-0"]
[WhiteElo "2409"]
[BlackElo "2179"]
[PlyCount "83"]
[EventDate "2015.11.23"]

1. e4 e5 2. Nf3 Nc6 3. Bb5 a6 4. Ba4 Nf6 5. O-O Be7 6. Re1 b5 7. Bb3 d6 8. c3
O-O 9. h3 Bb7 10. d4 Re8 11. Nbd2 Bf8 12. d5 Nb8 13. Nf1 Nbd7 14. N3h2 Nc5 15.
Bc2 c6 16. b4 Ncd7 17. dxc6 Bxc6 18. Bg5 Qc7 19. Bxf6 Nxf6 20. Ng4 Nxg4 21.
hxg4 a5 22. Re3 Be7 23. Bb3 Bg5 24. Rf3 Rf8 25. Bd5 Bxd5 26. Qxd5 axb4 27. cxb4
Qc4 28. Qxc4 bxc4 29. Rc3 Rfc8 30. a4 Rab8 31. b5 h5 32. gxh5 f5 33. f3 fxe4
34. fxe4 Kf7 35. Rb1 Ke6 36. Kf2 Ra8 37. Rb4 d5 38. b6 Be7 39. exd5+ Kxd5 40.
Ne3+ Kd4 41. b7 Rf8+ 42. Ke2 1-0

[Event "November Lviv Tradition (IM-group) (4th "]
[Site "Lviv"]
[Date "2015.11.25"]
[Round "5.5"]
[White "Bunyatov, Rustam"]
[Black "Kagramanianz, Vartan"]
[Result "1/2-1/2"]
[WhiteElo "2294"]
[BlackElo "2235"]
[PlyCount "88"]
[EventDate "2015.11.23"]

1. c4 c5 2. Nc3 b6 3. Nf3 Bb7 4. g3 Bxf3 5. exf3 Nc6 6. Bg2 g6 7. O-O Bg7 8. d3
h5 9. Bg5 Nh6 10. Re1 Nf5 11. Rb1 f6 12. Bd2 Kf7 13. a3 Rc8 14. b4 d6 15. f4 e6
16. Ne2 Qd7 17. b5 Ncd4 18. Bc3 e5 19. Nxd4 Nxd4 20. Bxd4 cxd4 21. Bd5+ Ke7 22.
Qf3 Kd8 23. a4 Qg4 24. Qxg4 hxg4 25. fxe5 dxe5 26. Be6 Rc7 27. Bxg4 Bf8 28. Bf3
Bd6 29. h4 Ke7 30. Kg2 f5 31. Bd5 Kf6 32. Re2 Re7 33. Kf3 g5 34. hxg5+ Kxg5 35.
Kg2 Rhe8 36. f3 Rh8 37. Rh1 Rxh1 38. Kxh1 Rh7+ 39. Rh2 Rxh2+ 40. Kxh2 f4 41. g4
Bc5 42. Kg2 Kh4 43. Kf2 Kg5 44. Ke2 Kh4 1/2-1/2

[Event "November Lviv Tradition (IM-group) (4th "]
[Site "Lviv"]
[Date "2015.11.26"]
[Round "6.1"]
[White "Naboka, Sergey"]
[Black "Kagramanianz, Vartan"]
[Result "1-0"]
[WhiteElo "2243"]
[BlackElo "2235"]
[PlyCount "73"]
[EventDate "2015.11.23"]

1. e4 e6 2. d4 d5 3. Nc3 Bb4 4. Qd3 dxe4 5. Qxe4 Nf6 6. Qh4 b6 7. Nf3 Bb7 8.
Ne5 Be7 9. Bb5+ c6 10. Bd3 Nbd7 11. Bg5 h6 12. O-O-O Nd5 13. Bxe7 Qxe7 14.
Qxe7+ Kxe7 15. Nxd5+ cxd5 16. Rde1 a5 17. f4 Ba6 18. Bxa6 Rxa6 19. f5 Nxe5 20.
Rxe5 b5 21. Rhe1 Rd6 22. Kd2 Rc8 23. Kd3 g6 24. g4 gxf5 25. gxf5 Rg8 26. R1e3
Rg5 27. fxe6 Rxe6 28. h4 Rgxe5 29. Rxe5 Kd6 30. Rf5 Rg6 31. Rxf7 Rg3+ 32. Ke2
Rg4 33. Rf6+ Kc7 34. h5 Rxd4 35. Rxh6 Rh4 36. Rh8 a4 37. a3 1-0

[Event "November Lviv Tradition (IM-group) (4th "]
[Site "Lviv"]
[Date "2015.11.26"]
[Round "6.2"]
[White "Terletsky, Oleg"]
[Black "Bunyatov, Rustam"]
[Result "1-0"]
[WhiteElo "2179"]
[BlackElo "2294"]
[PlyCount "83"]
[EventDate "2015.11.23"]

1. e4 c5 2. Nf3 d6 3. d4 cxd4 4. Nxd4 Nf6 5. Nc3 a6 6. Be3 g6 7. f3 h5 8. Qd2
Bg7 9. O-O-O Nbd7 10. Kb1 Qc7 11. f4 b5 12. f5 Nb6 13. e5 Ng4 14. f6 Bh6 15.
Bxh6 Nxh6 16. fxe7 dxe5 17. Ndxb5 Qxe7 18. Nd5 Nxd5 19. Qxd5 O-O 20. Qxa8 Bg4
21. Qxa6 Bxd1 22. Bc4 Bxc2+ 23. Kxc2 Qg5 24. Qc6 Nf5 25. Kb1 Ne3 26. Nd6 Nxc4
27. Nxc4 Qf5+ 28. Ka1 Rc8 29. Qd5 Qc2 30. b3 e4 31. Rf1 Rf8 32. Qd2 Qxd2 33.
Nxd2 f5 34. Re1 g5 35. a4 Kf7 36. Kb2 Ke6 37. Nc4 Kd5 38. Rd1+ Kc5 39. Kc3 f4
40. b4+ Kc6 41. b5+ Kc5 42. Ne5 1-0

[Event "November Lviv Tradition (IM-group) (4th "]
[Site "Lviv"]
[Date "2015.11.26"]
[Round "6.3"]
[White "Shkuran, Daniil"]
[Black "Anwesh, Upadhyaya"]
[Result "1/2-1/2"]
[WhiteElo "2428"]
[BlackElo "2409"]
[PlyCount "69"]
[EventDate "2015.11.23"]

1. e4 e5 2. Nf3 Nc6 3. Bb5 Nf6 4. Qe2 d6 5. c3 Bd7 6. d4 Qe7 7. d5 Nb8 8. Bxd7+
Nbxd7 9. c4 Nc5 10. Nc3 a5 11. b3 g6 12. O-O Bg7 13. Bg5 O-O 14. Ne1 Qd7 15.
Bxf6 Bxf6 16. Nd3 Nxd3 17. Qxd3 Bg5 18. a3 b6 19. b4 Be7 20. Qh3 Qxh3 21. gxh3
Rfc8 22. Rfc1 Kf8 23. Kf1 Ke8 24. Ke2 Kd7 25. Na4 Ra6 26. c5 axb4 27. axb4 Rca8
28. cxb6 Rxa4 29. Rxa4 Rxa4 30. Rxc7+ Kd8 31. Ra7 Rxb4 32. Ra8+ Kd7 33. Ra7+
Kd8 34. Ra8+ Kd7 35. Ra7+ $11 1/2-1/2

[Event "November Lviv Tradition (IM-group) (4th "]
[Site "Lviv"]
[Date "2015.11.26"]
[Round "6.4"]
[White "Krykun, Yuriy"]
[Black "Kryvoruchko, Vita"]
[Result "1-0"]
[WhiteElo "2214"]
[BlackElo "2205"]
[PlyCount "121"]
[EventDate "2015.11.23"]

1. Nf3 c5 2. c4 Nc6 3. g3 e5 4. Nc3 g6 5. Bg2 Bg7 6. O-O Nge7 7. a3 a5 8. Ne1
d6 9. Nc2 Be6 10. Ne3 O-O 11. d3 Rb8 12. Rb1 f5 13. Ned5 Bf7 14. Bg5 h6 15.
Bxe7 Nxe7 16. b4 axb4 17. axb4 Nxd5 18. Bxd5 Bxd5 19. Nxd5 b5 20. cxb5 Rxb5 21.
Rc1 Rf7 22. bxc5 Rxc5 23. Rxc5 dxc5 24. e4 fxe4 25. dxe4 Kh7 26. Qc2 Bf8 27.
Qc3 Bd6 28. Ne3 h5 29. h4 Qf6 30. Nd5 Qe6 31. Kg2 Be7 32. Nxe7 Qxe7 33. Rc1 Qf6
34. Qe3 Rc7 35. Rxc5 Rxc5 36. Qxc5 g5 37. hxg5 Qxg5 38. Qc7+ Kh6 39. Qc6+ Kg7
40. Qd7+ Kg6 41. Qe6+ Kg7 42. Kf3 Kh8 43. Qf5 Qe7 44. Qxh5+ Kg7 45. Qg4+ Kf7
46. Qf5+ Kg7 47. Kg4 Qd6 48. Qg5+ Kf7 49. Kf3 Qd1+ 50. Kg2 Qd4 51. Qf5+ Kg7 52.
Qf3 Kg6 53. Kh3 Kg7 54. Qf5 Qa1 55. Qd7+ Kg6 56. Qe6+ Kg5 57. Kg2 Qd4 58. Qd5
Qc3 59. f4+ Kg6 60. Qe6+ Kh7 61. Qxe5 1-0

[Event "November Lviv Tradition (IM-group) (4th "]
[Site "Lviv"]
[Date "2015.11.26"]
[Round "6.5"]
[White "Pugachov, Ilia"]
[Black "Kosakowski, Jakub"]
[Result "1-0"]
[WhiteElo "2115"]
[BlackElo "2246"]
[PlyCount "87"]
[EventDate "2015.11.23"]

1. d4 Nf6 2. c4 g6 3. g3 Bg7 4. Bg2 d5 5. cxd5 Nxd5 6. Nf3 Nb6 7. O-O Nc6 8. e3
O-O 9. Nc3 Re8 10. d5 Nb4 11. e4 e6 12. a3 Na6 13. Bg5 f6 14. Bf4 e5 15. Bc1 c6
16. dxc6 bxc6 17. Qc2 Be6 18. Rd1 Qe7 19. b4 Rad8 20. Bf1 Nc7 21. Be3 Bg4 22.
Rxd8 Rxd8 23. Nd2 Be6 24. Na4 Nxa4 25. Qxa4 Nb5 26. Bxb5 cxb5 27. Qxb5 f5 28.
Rc1 f4 29. Bc5 Qg5 30. Nf3 Qg4 31. Qe2 fxg3 32. fxg3 Bh6 33. Rd1 Rc8 34. Qd3
Bg7 35. Rf1 Bf6 36. Nd4 Kg7 37. Nxe6+ Qxe6 38. Qd5 Rc6 39. Qxe6 Rxe6 40. Rd1 a6
41. Rd7+ Kh6 42. Bf8+ Kg5 43. Rxh7 Re8 44. Bh6+ 1-0

[Event "November Lviv Tradition (IM-group) (4th "]
[Site "Lviv"]
[Date "2015.11.27"]
[Round "7.1"]
[White "Kosakowski, Jakub"]
[Black "Naboka, Sergey"]
[Result "0-1"]
[WhiteElo "2246"]
[BlackElo "2243"]
[PlyCount "84"]
[EventDate "2015.11.23"]

1. e4 c5 2. Nf3 Nc6 3. d4 cxd4 4. Nxd4 e5 5. Nb5 d6 6. c4 Be7 7. N1c3 a6 8. Na3
Nf6 9. Bd3 O-O 10. O-O Be6 11. Nc2 Nd7 12. Nd5 Nc5 13. Be3 Bg5 14. b4 Nxd3 15.
Qxd3 Bxe3 16. Ndxe3 Rc8 17. Rfd1 Qb6 18. Rab1 Rfd8 19. Nf5 Bxf5 20. exf5 d5 21.
cxd5 Nd4 22. Ne3 Rc3 23. Qe4 f6 24. h3 Ne2+ 25. Kh2 Rcc8 26. d6 Nc3 27. Nd5
Nxe4 28. Nxb6 Rc6 29. Nd5 Rcxd6 30. Ne3 Nxf2 31. Rxd6 Rxd6 32. b5 h5 33. bxa6
bxa6 34. Kg3 Ne4+ 35. Kh4 Rd4 36. Kxh5 Kh7 37. g4 Rd3 38. Rb3 Nc3 39. Ng2 Rxh3+
40. Nh4 Ne2 41. g5 Rxb3 42. axb3 Nd4 0-1

[Event "November Lviv Tradition (IM-group) (4th "]
[Site "Lviv"]
[Date "2015.11.27"]
[Round "7.2"]
[White "Kryvoruchko, Vita"]
[Black "Pugachov, Ilia"]
[Result "1/2-1/2"]
[WhiteElo "2205"]
[BlackElo "2115"]
[PlyCount "64"]
[EventDate "2015.11.23"]

1. e4 c5 2. Nf3 d6 3. d4 cxd4 4. Nxd4 Nf6 5. Nc3 Nc6 6. Bg5 e6 7. Qd2 Be7 8.
O-O-O Nxd4 9. Qxd4 O-O 10. f4 Qa5 11. Bc4 Bd7 12. e5 dxe5 13. fxe5 Bc6 14. Bd2
Nd7 15. Nd5 Qd8 16. Nxe7+ Qxe7 17. Rhe1 Rfd8 18. Qg4 Nf8 19. Bd3 Rxd3 20. cxd3
Qd7 21. Kb1 Qxd3+ 22. Ka1 Qf5 23. Qg3 Ng6 24. Bc3 Qf4 25. Qxf4 Nxf4 26. g3 Nd5
27. Bd4 Nb4 28. Kb1 Bf3 29. Rd2 Rd8 30. Bc3 Nd5 31. Bd4 Nb4 32. Bc3 Nd5 $11
1/2-1/2

[Event "November Lviv Tradition (IM-group) (4th "]
[Site "Lviv"]
[Date "2015.11.27"]
[Round "7.3"]
[White "Anwesh, Upadhyaya"]
[Black "Krykun, Yuriy"]
[Result "1/2-1/2"]
[WhiteElo "2409"]
[BlackElo "2214"]
[PlyCount "62"]
[EventDate "2015.11.23"]

1. e4 c5 2. Nf3 d6 3. d4 cxd4 4. Nxd4 Nf6 5. Nc3 Nc6 6. Bg5 e6 7. Qd2 Be7 8.
O-O-O O-O 9. f4 Nxd4 10. Qxd4 Qa5 11. Bc4 Bd7 12. e5 dxe5 13. fxe5 Bc6 14. Bd2
Nd7 15. Nd5 Qd8 16. Nxe7+ Qxe7 17. Rhe1 Rfd8 18. Qg4 Nf8 19. Bd3 Rxd3 20. cxd3
Qd7 21. Bb4 Qd5 22. Kb1 Ng6 23. g3 Nxe5 24. Qh5 Nf3 25. Qxd5 Bxd5 26. Re2 Nd4
27. Rf2 h5 28. Bc3 Nf5 29. Re1 Rd8 30. Re5 f6 31. Rexf5 $11 exf5 1/2-1/2

[Event "November Lviv Tradition (IM-group) (4th "]
[Site "Lviv"]
[Date "2015.11.27"]
[Round "7.4"]
[White "Bunyatov, Rustam"]
[Black "Shkuran, Daniil"]
[Result "0-1"]
[WhiteElo "2294"]
[BlackElo "2428"]
[PlyCount "72"]
[EventDate "2015.11.23"]

1. c4 c6 2. Nc3 d5 3. cxd5 cxd5 4. d4 e5 5. dxe5 d4 6. Ne4 Qa5+ 7. Bd2 Qxe5 8.
Ng3 Nc6 9. Nf3 Qd6 10. e3 dxe3 11. Bxe3 Qf6 12. Rb1 Be6 13. Qa4 Bb4+ 14. Bd2
Bxd2+ 15. Nxd2 O-O-O 16. Be2 Rxd2 17. Kxd2 Qxf2 18. Rbf1 Qxg2 19. Kc1 Qd5 20.
Kb1 Nge7 21. Rd1 Qg2 22. Bc4 Bg4 23. Rc1 f5 24. Rc2 Qh3 25. Bb5 Kb8 26. Qf4+
Ka8 27. Re1 Rc8 28. Qd6 Qh4 29. Rec1 Qg5 30. Bxc6 Nxc6 31. Ka1 a6 32. a3 Rd8
33. Qc7 Bf3 34. Rc3 Rb8 35. Rxf3 Qxc1+ 36. Ka2 Nb4+ 0-1

[Event "November Lviv Tradition (IM-group) (4th "]
[Site "Lviv"]
[Date "2015.11.27"]
[Round "7.5"]
[White "Kagramanianz, Vartan"]
[Black "Terletsky, Oleg"]
[Result "1/2-1/2"]
[WhiteElo "2235"]
[BlackElo "2179"]
[PlyCount "60"]
[EventDate "2015.11.23"]

1. e4 e5 2. Nf3 Nc6 3. Bb5 a6 4. Ba4 Nf6 5. O-O Be7 6. Re1 b5 7. Bb3 d6 8. c3
O-O 9. h3 Na5 10. Bc2 c5 11. d4 Qc7 12. Nbd2 cxd4 13. cxd4 Nc6 14. Nb3 a5 15.
Be3 a4 16. Nbd2 Bd7 17. Rc1 Qb7 18. Nf1 Rfc8 19. Ng3 g6 20. Qd2 exd4 21. Nxd4
Ne5 22. Bg5 Qb6 23. Red1 Nc4 24. Qf4 Qd8 25. b3 Nb2 26. Re1 Nd5 27. Bxe7 Nxf4
28. Bxd8 Rxd8 29. Rb1 a3 30. Nge2 Ne6 $11 1/2-1/2

[Event "November Lviv Tradition (IM-group) (4th "]
[Site "Lviv"]
[Date "2015.11.27"]
[Round "8.1"]
[White "Naboka, Sergey"]
[Black "Terletsky, Oleg"]
[Result "1/2-1/2"]
[WhiteElo "2243"]
[BlackElo "2179"]
[PlyCount "78"]
[EventDate "2015.11.23"]

1. e4 e5 2. Nf3 Nc6 3. Bb5 a6 4. Bxc6 dxc6 5. O-O f6 6. d4 exd4 7. Nxd4 c5 8.
Ne2 Qxd1 9. Rxd1 Bd7 10. Bf4 O-O-O 11. Nbc3 Be6 12. Rxd8+ Kxd8 13. Rd1+ Kc8 14.
Bg3 g5 15. Nd5 Bxd5 16. Rxd5 b6 17. Nc3 Ne7 18. Rd1 Bg7 19. Nd5 Nxd5 20. Rxd5
Rd8 21. Rxd8+ Kxd8 22. h4 c4 23. f4 gxf4 24. Bxf4 Kd7 25. Kf2 b5 26. Kf3 c6 27.
g4 a5 28. Be3 Ke6 29. Bd4 Bf8 30. a3 a4 31. g5 fxg5 32. hxg5 Bd6 33. Kg4 c5 34.
Be3 c3 35. bxc3 c4 36. Bc1 Be5 37. Bd2 Bd6 38. Bc1 Be5 39. Bd2 Bd6 1/2-1/2

[Event "November Lviv Tradition (IM-group) (4th "]
[Site "Lviv"]
[Date "2015.11.27"]
[Round "8.2"]
[White "Shkuran, Daniil"]
[Black "Kagramanianz, Vartan"]
[Result "1/2-1/2"]
[WhiteElo "2428"]
[BlackElo "2235"]
[PlyCount "60"]
[EventDate "2015.11.23"]

1. d4 d5 2. c4 c6 3. cxd5 cxd5 4. Nc3 Nf6 5. Bf4 Qb6 6. Qd2 Nc6 7. Nf3 e6 8. e3
Bb4 9. Bd3 O-O 10. O-O Bd7 11. Rfc1 Rfc8 12. Ne5 Nxe5 13. Bxe5 Be7 14. a3 Ne8
15. h3 Bd6 16. Bxd6 Nxd6 17. Ne2 Rxc1+ 18. Rxc1 Rc8 19. Rc3 Rc6 20. Qc2 Rxc3
21. Qxc3 Qc6 22. Kf1 h6 23. Ke1 Qxc3+ 24. Nxc3 Kf8 25. Kd2 Ke7 26. f3 Bc6 27.
e4 b6 28. Ke3 a5 29. g4 g5 30. e5 Ne8 $11 1/2-1/2

[Event "November Lviv Tradition (IM-group) (4th "]
[Site "Lviv"]
[Date "2015.11.27"]
[Round "8.3"]
[White "Krykun, Yuriy"]
[Black "Bunyatov, Rustam"]
[Result "1/2-1/2"]
[WhiteElo "2214"]
[BlackElo "2294"]
[PlyCount "84"]
[EventDate "2015.11.23"]

1. d4 Nf6 2. c4 e6 3. Nc3 c5 4. d5 exd5 5. cxd5 d6 6. e4 g6 7. f4 Bg7 8. Bb5+
Nfd7 9. a4 O-O 10. Nf3 Na6 11. O-O Nb4 12. Re1 a6 13. Bf1 Re8 14. Nd2 Bd4+ 15.
Kh1 Nf6 16. Be2 Be3 17. e5 dxe5 18. fxe5 Nfxd5 19. Nxd5 Nxd5 20. Ne4 Bxc1 21.
Rxc1 Rxe5 22. Rxc5 Be6 23. Bc4 Rxe4 24. Rxe4 Nc3 25. Qxd8+ Rxd8 26. Re1 Nxa4
27. Rc7 Bxc4 28. Rxc4 Nxb2 29. Rc7 b5 30. Kg1 Nc4 31. Ree7 Nd6 32. Ra7 Kf8 33.
Re1 Re8 34. Ra1 Re2 35. R1xa6 Nc4 36. h3 Kg7 37. Rb7 Ne3 38. g4 Rg2+ 39. Kh1
Rg3 40. Kh2 Rg2+ 41. Kh1 Rg3 42. Kh2 Rg2+ $11 1/2-1/2

[Event "November Lviv Tradition (IM-group) (4th "]
[Site "Lviv"]
[Date "2015.11.27"]
[Round "8.4"]
[White "Pugachov, Ilia"]
[Black "Anwesh, Upadhyaya"]
[Result "0-1"]
[WhiteElo "2115"]
[BlackElo "2409"]
[PlyCount "98"]
[EventDate "2015.11.23"]

1. d4 d5 2. Nf3 Nf6 3. c4 e6 4. g3 dxc4 5. Bg2 Nc6 6. Qa4 Nd7 7. Qxc4 Nb6 8.
Qd3 e5 9. O-O exd4 10. Rd1 Be7 11. Nxd4 Nxd4 12. Qxd4 Qxd4 13. Rxd4 c6 14. Nc3
Be6 15. Ne4 O-O 16. Bg5 f6 17. Bf4 Rfd8 18. Rxd8+ Rxd8 19. b3 Nd5 20. Rd1 Nxf4
21. Rxd8+ Bxd8 22. gxf4 Be7 23. Nd2 Kf7 24. Be4 g6 25. Bd3 Bb4 26. Nc4 b5 27.
Ne3 f5 28. Nc2 Bc3 29. f3 Ke7 30. Kf2 Kd6 31. e3 Kc5 32. Ke2 a5 33. e4 Bd4 34.
Kd2 Bg1 35. h3 fxe4 36. fxe4 Bxh3 37. f5 Bh2 38. Ke3 Be5 39. Ne1 gxf5 40. exf5
Bg4 41. Ke4 Bf6 42. Nf3 Bh5 43. Ne5 Kd6 44. Nf3 Bf7 45. Kf4 h6 46. Be4 a4 47.
bxa4 bxa4 48. a3 c5 49. Bd3 Bb3 0-1

[Event "November Lviv Tradition (IM-group) (4th "]
[Site "Lviv"]
[Date "2015.11.27"]
[Round "8.5"]
[White "Kosakowski, Jakub"]
[Black "Kryvoruchko, Vita"]
[Result "1/2-1/2"]
[WhiteElo "2246"]
[BlackElo "2205"]
[PlyCount "88"]
[EventDate "2015.11.23"]

1. e4 c5 2. Nf3 d6 3. d4 cxd4 4. Nxd4 Nf6 5. Nc3 a6 6. h3 e5 7. Nde2 Be7 8. g4
Be6 9. Bg2 Nc6 10. Be3 O-O 11. O-O Re8 12. Qd2 b5 13. a4 b4 14. Nd5 Rb8 15.
Rfd1 Bxd5 16. exd5 Na5 17. b3 Qc7 18. Rdc1 Qb7 19. Rab1 Bd8 20. c3 bxc3 21.
Nxc3 Nxb3 22. Rxb3 Qxb3 23. Rb1 Qxb1+ 24. Nxb1 Rxb1+ 25. Kh2 a5 26. Qc2 Rb8 27.
Bf1 Bb6 28. Bxb6 Rxb6 29. Bb5 Reb8 30. Qd2 Ne4 31. Qxa5 Nc5 32. Qc3 g6 33. h4
h6 34. Kg2 Ra8 35. Qc4 Ra7 36. Kf1 Rb8 37. f4 Re7 38. h5 $11 Kg7 39. g5 hxg5
40. fxg5 gxh5 41. Qe2 Kg6 42. Qf3 Kxg5 43. Qg3+ Kh6 44. Qe3+ Kg6 1/2-1/2

[Event "November Lviv Tradition (IM-group) (4th "]
[Site "Lviv"]
[Date "2015.11.28"]
[Round "9.2"]
[White "Anwesh, Upadhyaya"]
[Black "Kosakowski, Jakub"]
[Result "1/2-1/2"]
[WhiteElo "2409"]
[BlackElo "2246"]
[PlyCount "77"]
[EventDate "2015.11.23"]

1. d4 Nf6 2. c4 g6 3. g3 Bg7 4. Bg2 d5 5. cxd5 Nxd5 6. Nf3 Nb6 7. Nc3 Nc6 8. e3
O-O 9. O-O Re8 10. Re1 e5 11. d5 Na5 12. e4 c6 13. b3 cxd5 14. exd5 e4 15. Nxe4
Rxe4 16. Rxe4 Bxa1 17. Bd2 Bf5 18. Re1 Bf6 19. Bxa5 Qxd5 20. Qxd5 Nxd5 21. Nd4
Bxd4 22. Bxd5 Rc8 23. Rd1 Rc5 24. Rxd4 Rxa5 25. b4 Ra6 26. b5 Rb6 27. a4 Be6
28. Bf3 a6 29. Rd8+ Kg7 30. Be2 axb5 31. Bxb5 Kf6 32. f4 Ke7 33. Re8+ Kd6 34.
Kf2 Kc5 35. Ke3 Rd6 36. Re7 Bd5 37. Rc7+ Kb6 38. Rc2 Be6 39. Rd2 $11 1/2-1/2

[Event "November Lviv Tradition (IM-group) (4th "]
[Site "Lviv"]
[Date "2015.11.28"]
[Round "9.3"]
[White "Bunyatov, Rustam"]
[Black "Pugachov, Ilia"]
[Result "1/2-1/2"]
[WhiteElo "2294"]
[BlackElo "2115"]
[PlyCount "70"]
[EventDate "2015.11.23"]

1. e4 c5 2. Nf3 d6 3. d4 cxd4 4. Nxd4 Nf6 5. Nc3 a6 6. Bg5 e6 7. f4 Be7 8. Qf3
Qc7 9. O-O-O Nbd7 10. g4 b5 11. Bxf6 Nxf6 12. a3 Rb8 13. f5 b4 14. axb4 Rxb4
15. g5 O-O 16. gxf6 Bxf6 17. Nb3 Bd7 18. Rg1 a5 19. Qg3 Be5 20. Qh4 Qb6 21. Rg3
a4 22. f6 g6 23. Nd2 Rc8 24. Rf3 Rxb2 25. Nc4 Rxc4 26. Bxc4 a3 27. Qh6 Rxc2+
28. Kxc2 Qb2+ 29. Kd3 Qxc3+ 30. Ke2 Qxc4+ 31. Kf2 Bxf6 32. Rxf6 a2 33. Rxf7
Kxf7 34. Qxh7+ Kf6 35. e5+ Kxe5 1/2-1/2

[Event "November Lviv Tradition (IM-group) (4th "]
[Site "Lviv"]
[Date "2015.11.28"]
[Round "9.4"]
[White "Kagramanianz, Vartan"]
[Black "Krykun, Yuriy"]
[Result "1/2-1/2"]
[WhiteElo "2235"]
[BlackElo "2214"]
[PlyCount "63"]
[EventDate "2015.11.23"]

1. d4 Nf6 2. c4 c5 3. d5 b5 4. cxb5 a6 5. bxa6 g6 6. Nc3 Bxa6 7. Nf3 Bg7 8. e4
Bxf1 9. Kxf1 d6 10. g3 Nbd7 11. Kg2 O-O 12. h3 Qa5 13. Re1 Rfb8 14. e5 dxe5 15.
Nxe5 Nxe5 16. Rxe5 Rb7 17. Qf3 Ne8 18. Re2 Nd6 19. Ne4 Nxe4 20. Rxe4 Qd8 21.
Re2 Raa7 22. Bf4 Rxb2 23. Rxb2 Bxb2 24. Rb1 Ra3 25. Qe4 Rxa2 26. Kh2 Bd4 27.
Rb8 Rxf2+ 28. Kh1 Rf1+ 29. Kh2 Rf2+ 30. Kh1 Rf1+ 31. Kh2 Rf2+ 32. Kh1 $11
1/2-1/2

[Event "November Lviv Tradition (IM-group) (4th "]
[Site "Lviv"]
[Date "2015.11.28"]
[Round "9.5"]
[White "Terletsky, Oleg"]
[Black "Shkuran, Daniil"]
[Result "0-1"]
[WhiteElo "2179"]
[BlackElo "2428"]
[PlyCount "62"]
[EventDate "2015.11.23"]

1. e4 c5 2. Nf3 e6 3. d4 cxd4 4. Nxd4 a6 5. Nc3 Qc7 6. g3 Nf6 7. Bg2 Nc6 8. O-O
Be7 9. Re1 Nxd4 10. Qxd4 d6 11. b3 O-O 12. Bb2 b6 13. Na4 Rb8 14. c4 b5 15.
cxb5 axb5 16. Rec1 Qa5 17. Nc3 b4 18. Na4 Bd7 19. e5 Bxa4 20. bxa4 dxe5 21.
Qxe5 Qxa4 22. Rc7 Rb5 23. Qe2 Bd8 24. Bc6 Bxc7 25. Bxb5 Qa5 26. a4 Nd5 27. Rc1
Bd8 28. Bc6 Bg5 29. Rc4 Bf6 30. Bxd5 exd5 31. Rg4 Bc3 0-1